জনসংখ্যা ও সম্পদ/ (Record no. 18030)

MARC details
000 -LEADER
fixed length control field 00857nam a22002057a 4500
003 - CONTROL NUMBER IDENTIFIER
control field BDDh-ASL
005 - DATE AND TIME OF LATEST TRANSACTION
control field 20231015025654.0
008 - FIXED-LENGTH DATA ELEMENTS--GENERAL INFORMATION
fixed length control field 200917b1963 ||||| |||| 00| 0 d
040 ## - CATALOGING SOURCE
Original cataloging agency BDDh-ASL
Transcribing agency BDDh-ASL
Modifying agency BDDh-ASL
041 ## - LANGUAGE CODE
Language code of text/sound track or separate title bengali
082 ## - DEWEY DECIMAL CLASSIFICATION NUMBER
Classification number 301
Item number MOJ
100 ## - MAIN ENTRY--PERSONAL NAME
9 (RLIN) 869
Personal name মোর্তজা, মোহাম্মদ
245 1# - TITLE STATEMENT
Title জনসংখ্যা ও সম্পদ/
Statement of responsibility, etc. মোহামম্মদ মোর্তজা।
246 ## - VARYING FORM OF TITLE
Title proper/short title Janasongkha O Sampad.
260 ## - PUBLICATION, DISTRIBUTION, ETC.
Place of publication, distribution, etc. ঢাকা:
Name of publisher, distributor, etc. বাঙলা একাডেমী,
Date of publication, distribution, etc. ১৯৬৩
300 ## - PHYSICAL DESCRIPTION
Extent ২০০ পৃষ্ঠা:
Other physical details ছবি;
Dimensions মোহাম্মদ মোর্তজা
504 ## - BIBLIOGRAPHY, ETC. NOTE
Bibliography, etc. note গ্রন্থপঞ্জি সংযুক্ত।
650 #0 - SUBJECT ADDED ENTRY--TOPICAL TERM
9 (RLIN) 870
Topical term or geographic name entry element জনসংখ্যা
General subdivision সমাজ বিজ্ঞান
942 ## - ADDED ENTRY ELEMENTS (KOHA)
Source of classification or shelving scheme Dewey Decimal Classification
Koha item type Books
Holdings
Withdrawn status Lost status Source of classification or shelving scheme Damaged status Not for loan Collection code Home library Current library Shelving location Date acquired Source of acquisition Total Checkouts Full call number Barcode Date last seen Copy number Price effective from Koha item type
    Dewey Decimal Classification     Non-fiction Asiatic Society Library Asiatic Society Library General Stacks 09/17/2020 Donated by Professor Husniara Huq   301 MOJ 101179 09/17/2020 C-1 09/17/2020 Books
    Dewey Decimal Classification     Non-fiction Asiatic Society Library Asiatic Society Library General Stacks 09/29/2020 ASB Collection   301 MOJ 101215 09/29/2020 C-2 09/29/2020 Books
    Dewey Decimal Classification     Non-fiction Asiatic Society Library Asiatic Society Library General Stacks 09/29/2020 Donated by National Prof. A. F. A. Husain   301 MOJ 101609 09/29/2020 C-3 09/29/2020 Books

Powered by Koha